| 000 | 01002nam a22002537a 4500 | ||
|---|---|---|---|
| 001 | 8802 | ||
| 003 | FISKH | ||
| 005 | 20251125161857.0 | ||
| 008 | 251021b cb ||||| |||| 00| 0 eng d | ||
| 020 | _a9780439944601 | ||
| 040 |
_aFISKH _beng _cFISKH _dFISKH |
||
| 050 | _aQH541.R27 | ||
| 082 | _a577.34 | ||
| 100 | _aGaneri, Anita | ||
| 245 |
_aBloomin' rainforests / _cBy Anita Ganeri : Illustrated by Mike Phillips |
||
| 260 |
_aNew York : _bScholastic , _c2001. |
||
| 300 |
_a128 pages : _billustrations ; _c20 cm . |
||
| 490 | _aHorrible Geography | ||
| 520 | _aEnter the exotic world of lush and steamy rainforests. Fern acts as our guide, conquering her fear of heights and spiders to introduce the reader to the world's tallest trees, stinkiest plants and hairiest insects. Lots of horrible information, as well as a balanced look at ecological issues. | ||
| 650 |
_aRain forests _vNon-fiction |
||
| 700 |
_aPhillips, Mike _eIllustrator |
||
| 942 |
_2ddc _cBK _n0 |
||
| 999 |
_c8802 _d8802 |
||